Disney PIXAR Toy Story Characters - Statistics

General Stats
  • This quiz has been taken 5,119 times
  • The average score is 10 of 15
Answer Stats
Actor/Actress Hint Answer % Correct
Tim Allen The toy space ranger Buzz Lightyear
99%
Tom Hanks The toy cowboy Woody
99%
Wallace Shawn A loving, innocent toy t-rex Rex
92%
Don Rickles A potato with a attitude Mr. Potato Head
91%
Joan Cusack The excited toy cowgirl Jessie
90%
Estelle Harris The toy potato's wife Mrs. Potato Head
88%
Jim Varney/Blake Clark The toy slinky with paws and a tail Slinky Dog
87%
None The toy cowgirl's pet horse Bullseye
74%
John Ratzenberger The piggy bank Hamm
74%
Ned Beatty The stuffed, pink bear who turns evil Lotso
61%
Kristen Schaal The blue toy dinosaur who has a crush on the green toy dinosaur Trixie
36%
Bud Lucky The stuffed clown who's name does not describe him Chuckles
31%
Timothy Dalton The stuffed hedgehog with an English accent Mr. Pricklepants
27%
Bonnie Hunt The stuffed dress-up rag doll Dolly
25%
Jeff Garlin The stuffed unicorn Buttercup
24%
No matching quizzes found
Score Distribution
Percent of People with Each Score
Percentile by Number Answered
Your Score History
You have not taken this quiz